00963nam a2200229 a 4500001001000000003000500010005001700015008004100032010001100073011001100084040000900095100002900104245020100133260004100334500006000375502013300435650002700568650003500595650001000630650002300640856007000663000112316CHAP20230911124125.0160301s2016 mx a fsm |||||||spa d a108777 a109749 cCHAP1 aLópez García, Raúl10aDependencia entre rendimiento de fruto y atributos físicos de cladodios de frutificacion en Opuntia ficus-indica (L.) Miller variedad 'Rojo Pelón' /h[En línea]cpor Raúl López García. aBermejillo, Dgo. :bEl autor,c2016. aPara ver el contenido del material haga clic en la liga aTesis (M.C. en Recursos Naturales y Medio Ambiente en Zonas Áreidas) -- UACH. Unidad Regional Universitaria de Zonas Áreidas17aOpuntia ficus-indica214aPlantasxEfecto de la humedad.14aPoda.14aTunaxRendimiento. aFinding aiduhttp://10.13.5.2/tesis/sist112316.pdfzTeclea aquí